| 000 | 00441nam a22001817a 4500 | ||
|---|---|---|---|
| 003 | MPLRDC | ||
| 005 | 20220104142858.0 | ||
| 008 | 210129b ||||| |||| 00| 0 eng d | ||
| 082 | _a191 SR v.3 | ||
| 100 | _a宋瑞著 | ||
| 245 |
_a宋瑞励志文集. 第三集: 庄敬自强篇 _c |
||
| 250 | _a十版 | ||
| 260 |
_a _b星光出版社 _c1981 |
||
| 300 | _b平 | ||
| 490 | _a双子星丛书;158 | ||
| 650 | _a | ||
| 942 |
_cBK _o191 SR v.3 |
||
| 999 |
_c34481 _d34471 |
||